| 000 -CABECERA |
| Longitud fija campo de control |
00982nam a2200253 i 4500 |
| 001 - NÚMERO DE CONTROL |
| Número de control |
991058478168306706 |
| 003 - IDENTIFICADOR DEL NÚMERO DE CONTROL |
| Identificador del número de control |
OSt |
| 005 - FECHA Y HORA DE LA ÚLTIMA TRANSACCIÓN |
| Fecha y hora de la última transacción |
20231115103015.0 |
| 006 - CÓDIGOS DE INFORMACIÓN DE LONGITUD FIJA - CARACTERÍSTICAS DEL MATERIAL ADICIONAL |
| Códigos de información de longitud fija - Caracter&íacute;sticas del material adicional |
m o d | |
| 007 - CAMPO FIJO DE DESCRIPCIÓN FÍSICA |
| Campo fijo de descripción f&íacute;sica |
cr ||||||||||| |
| 008 - CÓDIGOS DE INFORMACIÓN DE LONGITUD FIJA |
| Códigos de información de longitud fija |
201029s2019 sp a ob 000 0 spa d |
| 040 ## - FUENTE DE LA CATALOGACIÓN |
| Centro catalogador de origen |
CDMR |
| Centro transcriptor |
CDMR |
| Lengua de catalogación |
cat |
| 110 ## - PUNTO DE ACCESO PRINCIPAL-NOMBRE DE ENTIDAD CORPORATIVA |
| 9 (RLIN) |
4906 |
| Nombre de entidad corporativa o nombre de jurisdicción como elemento inicial |
SembraMedia |
| 245 10 - MENCIÓN DE TÍTULO |
| Título |
Punto de partida II |
| Resto del título |
: informe sobre la enseñanza del periodismo emprendedor en las universidades de Latinoamérica y España [recurs electrònic] / |
| Mención de responsabilidad, etc. |
SembraMedia, UNESCO |
| 260 ## - PUBLICACIÓN, DISTRIBUCIÓN, ETC. (PIE DE IMPRENTA) |
| Lugar de publicación, distribución, etc. |
[S.l. : |
| Nombre del editor, distribuidor, etc. |
s.n., |
| Fecha de publicación, distribución, etc. |
2023] |
| 300 ## - DESCRIPCIÓN FÍSICA |
| Extensión |
1 recurs electrònic (44 pàgines) |
| 650 #0 - PUNTO DE ACCESO ADICIONAL DE MATERIA - TÉRMINO DE MATERIA |
| Término de materia o nombre geográfico como elemento inicial |
Emprenedoria |
| 9 (RLIN) |
3077 |
| 650 #0 - PUNTO DE ACCESO ADICIONAL DE MATERIA - TÉRMINO DE MATERIA |
| Término de materia o nombre geográfico como elemento inicial |
Periodisme |
| 9 (RLIN) |
2266 |
| Subdivisión de materia general |
Ensenyament |
| Subdivisión geográfica |
Espanya |
| 650 #0 - PUNTO DE ACCESO ADICIONAL DE MATERIA - TÉRMINO DE MATERIA |
| Término de materia o nombre geográfico como elemento inicial |
Periodisme |
| 9 (RLIN) |
2734 |
| Subdivisión de materia general |
Ensenyament |
| Subdivisión geográfica |
Amèrica Llatina |
| 650 #0 - PUNTO DE ACCESO ADICIONAL DE MATERIA - TÉRMINO DE MATERIA |
| Término de materia o nombre geográfico como elemento inicial |
Empreses periodístiques |
| 9 (RLIN) |
3665 |
| Subdivisión de materia general |
Direcció i administració |
| 710 2# - PUNTO DE ACCESO ADICIONAL - NOMBRE DE ENTIDAD |
| 9 (RLIN) |
1452 |
| Nombre de entidad o nombre de jurisdicción como elemento inicial |
Unesco |
| 856 ## - LOCALIZACIÓN Y ACCESO ELECTRÓNICO |
| Nota pública |
Accés en línia |
| Identificador Uniforme del Recurso (URI) |
<a href="https://profesores.sembramedia.org/informes/Punto-de-Partida-II-PDF-ESP.pdf">https://profesores.sembramedia.org/informes/Punto-de-Partida-II-PDF-ESP.pdf</a> |
| 942 ## - ENTRADA DE ELEMENTOS AGREGADOS (KOHA) |
| Fuente de clasificaión o esquema |
|
| Koha [por defecto] tipo de item |
Llibres electrònics |